[Event "Benidorm Satellite preliminary"]
[Site "playchess.com #007036"]
[Date "2009.10.24"]
[Round "2"]
[White "AndreevSt"]
[Black "Hardrock"]
[Result "0-1"]
[WhiteElo "1963"]
[BlackElo "2542"]
[PlyCount "48"]
[EventDate "2009.10.24"]
[EventType "swiss (blitz)"]

1. d4 {[%emt 0:00:01]} Nf6 {[%emt 0:00:03]} 2. c4 {[%emt 0:00:01]} e6 {[%emt 0:
00:01]} 3. Nc3 {[%emt 0:00:01]} Bb4 {[%emt 0:00:04]} 4. e3 {[%emt 0:00:01]} O-O
{[%emt 0:00:01]} 5. Bd3 {[%emt 0:00:01]} c5 {[%emt 0:00:03]} 6. Nf3 {[%emt 0:
00:02]} d5 {[%emt 0:00:01]} 7. O-O {[%emt 0:00:01]} Nc6 {[%emt 0:00:02]} 8. a3
{[%emt 0:00:01]} Bxc3 {[%emt 0:00:01]} 9. bxc3 {[%emt 0:00:00]} dxc4 {[%emt 0:
00:03]} 10. Bxc4 {[%emt 0:00:01]} Qc7 {[%emt 0:00:00]} 11. Qe2 {[%emt 0:00:03]}
e5 {[%emt 0:00:08]} 12. h3 {[%emt 0:00:04]} e4 {[%emt 0:00:10]} 13. Nh2 {[%emt
0:00:06]} Na5 {[%emt 0:00:07]} 14. Ba2 {[%emt 0:00:05]} Be6 {[%emt 0:00:03]}
15. Bxe6 {[%emt 0:00:33]} fxe6 {[%emt 0:00:04]} 16. Ng4 {[%emt 0:00:05]} Rac8 {
[%emt 0:00:09]} 17. a4 {[%emt 0:00:24]} Nd5 {[%emt 0:00:09]} 18. c4 {[%emt 0:
00:20]} Nc3 {[%emt 0:00:09]} 19. Qc2 {[%emt 0:00:20]} cxd4 {[%emt 0:00:02]} 20.
exd4 {[%emt 0:00:03]} Qxc4 {[%emt 0:00:08]} 21. Qb2 {[%emt 0:00:55]} Nb3 {
[%emt 0:00:05]} 22. Ne3 {[%emt 0:00:13]} Ne2+ {[%emt 0:00:14]} 23. Kh2 {[%emt
0:00:12]} Qc7+ {[%emt 0:00:08]} 24. Kh1 {[%emt 0:00:06]} Nbxc1 {[%emt 0:00:11]
AndreevSt resigns} 0-1

[Event "Benidorm Satellite preliminary"]
[Site "playchess.com #007036"]
[Date "2009.10.24"]
[Round "2"]
[White "Marx"]
[Black "Althusius"]
[Result "0-1"]
[WhiteElo "1293"]
[BlackElo "1712"]
[PlyCount "44"]
[EventDate "2009.10.24"]
[EventType "swiss (blitz)"]

1. e4 {[%emt 0:00:02]} c5 {[%emt 0:00:01]} 2. Nf3 {[%emt 0:00:02]} d6 {[%emt 0:
00:02]} 3. d4 {[%emt 0:00:05]} cxd4 {[%emt 0:00:01]} 4. Nxd4 {[%emt 0:00:01]}
Nf6 {[%emt 0:00:01]} 5. Bd3 {[%emt 0:00:07]} Nc6 {[%emt 0:00:09]} 6. Nxc6 {
[%emt 0:00:04]} bxc6 {[%emt 0:00:04]} 7. Bg5 {[%emt 0:00:01]} Qa5+ {[%emt 0:00:
18]} 8. Bd2 {[%emt 0:00:07]} Qb6 {[%emt 0:00:01]} 9. O-O {[%emt 0:00:08]} g6 {
[%emt 0:00:06]} 10. Bc3 {[%emt 0:00:03]} Bg7 {[%emt 0:00:01]} 11. a4 {[%emt 0:
00:13]} O-O {[%emt 0:00:06]} 12. a5 {[%emt 0:00:01]} Qc7 {[%emt 0:00:04]} 13.
a6 {[%emt 0:00:02]} c5 {[%emt 0:00:33]} 14. Qe2 {[%emt 0:00:06]} e5 {[%emt 0:
00:36]} 15. Bd2 {[%emt 0:00:16]} Bd7 {[%emt 0:00:15]} 16. Nc3 {[%emt 0:00:03]}
Bc6 {[%emt 0:00:02]} 17. Rfd1 {[%emt 0:00:15]} Rab8 {[%emt 0:00:14]} 18. Nb5 {
[%emt 0:00:15]} Qd7 {[%emt 0:00:25]} 19. Bc4 {[%emt 0:00:15]} Bxb5 {[%emt 0:00:
05]} 20. Bxb5 {[%emt 0:00:16]} Qxb5 {[%emt 0:00:01]} 21. c4 {[%emt 0:00:01]}
Qxb2 {[%emt 0:00:06]} 22. Bg5 {[%emt 0:00:04]} Qxe2 {[%emt 0:00:01] Marx
resigns} 0-1

[Event "Benidorm Satellite preliminary"]
[Site "playchess.com #007036"]
[Date "2009.10.24"]
[Round "2"]
[White "Dolorian"]
[Black "TheMaster15"]
[Result "0-1"]
[WhiteElo "1493"]
[BlackElo "2337"]
[PlyCount "88"]
[EventDate "2009.10.24"]
[EventType "swiss (blitz)"]

1. e4 {[%emt 0:00:04]} c5 {[%emt 0:00:01]} 2. Nc3 {[%emt 0:00:02]} Nc6 {[%emt
0:00:02]} 3. f4 {[%emt 0:00:03]} g6 {[%emt 0:00:01]} 4. Nf3 {[%emt 0:00:01]}
Bg7 {[%emt 0:00:01]} 5. Bb5 {[%emt 0:00:07]} Nd4 {[%emt 0:00:01]} 6. O-O {
[%emt 0:00:03]} Nxb5 {[%emt 0:00:03]} 7. Nxb5 {[%emt 0:00:01]} a6 {[%emt 0:00:
00]} 8. Nc3 {[%emt 0:00:03]} e6 {[%emt 0:00:07]} 9. Qe1 {[%emt 0:00:02]} Ne7 {
[%emt 0:00:01]} 10. d3 {[%emt 0:00:03]} O-O {[%emt 0:00:01]} 11. Nh4 {[%emt 0:
00:06]} f5 {[%emt 0:00:11]} 12. Qg3 {[%emt 0:00:16]} d5 {[%emt 0:00:07]} 13.
exf5 {[%emt 0:00:05]} exf5 {[%emt 0:00:05]} 14. Bd2 {[%emt 0:00:14]} d4 {[%emt
0:00:01]} 15. Ne2 {[%emt 0:00:07]} Qe8 {[%emt 0:00:10]} 16. Rae1 {[%emt 0:00:
04]} Qf7 {[%emt 0:00:01]} 17. c3 {[%emt 0:00:03]} Bd7 {[%emt 0:00:05]} 18. c4 {
[%emt 0:00:01]} Bc6 {[%emt 0:00:03]} 19. Nf3 {[%emt 0:00:03]} Bxf3 {[%emt 0:00:
07]} 20. Rxf3 {[%emt 0:00:03]} b5 {[%emt 0:00:03]} 21. b3 {[%emt 0:00:02]} bxc4
{[%emt 0:00:02]} 22. bxc4 {[%emt 0:00:02]} Rab8 {[%emt 0:00:01]} 23. a4 {[%emt
0:00:07]} Rfe8 {[%emt 0:00:02]} 24. Nc1 {[%emt 0:00:05]} Nc6 {[%emt 0:00:02]}
25. a5 {[%emt 0:00:05]} Rb2 {[%emt 0:00:04]} 26. Rxe8+ {[%emt 0:00:11]} Qxe8 {
[%emt 0:00:02]} 27. Qe1 {[%emt 0:00:09]} Qxe1+ {[%emt 0:00:10]} 28. Bxe1 {
[%emt 0:00:01]} Rb1 {[%emt 0:00:01]} 29. Bd2 {[%emt 0:00:01]} Nxa5 {[%emt 0:00:
04]} 30. Rf1 {[%emt 0:00:09]} Nc6 {[%emt 0:00:02]} 31. Kf2 {[%emt 0:00:01]} a5
{[%emt 0:00:08]} 32. Re1 {[%emt 0:00:11]} Kf7 {[%emt 0:00:03]} 33. Re2 {[%emt
0:00:08]} Nb4 {[%emt 0:00:08]} 34. g3 {[%emt 0:00:16]} Rxc1 {[%emt 0:00:07]}
35. Bxc1 {[%emt 0:00:04]} Nxd3+ {[%emt 0:00:01]} 36. Kf3 {[%emt 0:00:04]} Nxc1
{[%emt 0:00:01]} 37. Re1 {[%emt 0:00:03]} Nb3 {[%emt 0:00:02]} 38. Rb1 {[%emt
0:00:02]} a4 {[%emt 0:00:01]} 39. Ke2 {[%emt 0:00:02]} Ke6 {[%emt 0:00:09]} 40.
Kd3 {[%emt 0:00:01]} Kd6 {[%emt 0:00:01]} 41. Rb2 {[%emt 0:00:02]} Kc6 {[%emt
0:00:03]} 42. Kc2 {[%emt 0:00:03]} d3+ {[%emt 0:00:02]} 43. Kxd3 {[%emt 0:00:
01]} Bxb2 {[%emt 0:00:02]} 44. Kc2 {[%emt 0:00:05]} Bf6 {[%emt 0:00:01]
Dolorian resigns} 0-1

[Event "Benidorm Satellite preliminary"]
[Site "playchess.com #007036"]
[Date "2009.10.24"]
[Round "2"]
[White "Came On"]
[Black "FlorianKull"]
[Result "1-0"]
[WhiteElo "2644"]
[BlackElo "2055"]
[PlyCount "67"]
[EventDate "2009.10.24"]
[EventType "swiss (blitz)"]

1. d4 {[%emt 0:00:02]} d5 {[%emt 0:00:01]} 2. Nf3 {[%emt 0:00:01]} c6 {[%emt 0:
00:03]} 3. c4 {[%emt 0:00:01]} Nf6 {[%emt 0:00:02]} 4. Nc3 {[%emt 0:00:01]} e6
{[%emt 0:00:01]} 5. Bg5 {[%emt 0:00:01]} h6 {[%emt 0:00:16]} 6. Bh4 {[%emt 0:
00:02]} dxc4 {[%emt 0:00:22]} 7. e4 {[%emt 0:00:03]} Be7 {[%emt 0:00:07]} 8. e5
{[%emt 0:00:04]} Nd5 {[%emt 0:00:04]} 9. Bxe7 {[%emt 0:00:01]} Qxe7 {[%emt 0:
00:01]} 10. Bxc4 {[%emt 0:00:01]} Qb4 {[%emt 0:00:01]} 11. Qb3 {[%emt 0:00:09]}
Qxb3 {[%emt 0:00:03]} 12. axb3 {[%emt 0:00:02]} O-O {[%emt 0:00:05]} 13. Ne4 {
[%emt 0:00:03]} Nd7 {[%emt 0:00:06]} 14. g3 {[%emt 0:00:02]} a6 {[%emt 0:00:05]
} 15. O-O {[%emt 0:00:07]} Rd8 {[%emt 0:00:04]} 16. Nd6 {[%emt 0:00:01]} N7b6 {
[%emt 0:00:04]} 17. Rfc1 {[%emt 0:00:06]} Rb8 {[%emt 0:00:02]} 18. Nd2 {[%emt
0:00:04]} Bd7 {[%emt 0:00:01]} 19. N2e4 {[%emt 0:00:01]} Be8 {[%emt 0:00:04]}
20. Nc5 {[%emt 0:00:01]} Nc7 {[%emt 0:01:34]} 21. Ncxb7 {[%emt 0:00:03]} Rd7 {
[%emt 0:00:01]} 22. Nc5 {[%emt 0:00:01]} Rdd8 {[%emt 0:00:01]} 23. Nxa6 {[%emt
0:00:01]} Nxa6 {[%emt 0:00:01]} 24. Bxa6 {[%emt 0:00:02]} Nd5 {[%emt 0:00:04]}
25. Bc4 {[%emt 0:00:02]} Nb6 {[%emt 0:00:01]} 26. Ra2 {[%emt 0:00:08]} Kf8 {
[%emt 0:00:11]} 27. Rc3 {[%emt 0:00:14]} f5 {[%emt 0:00:06]} 28. Bxe6 {[%emt 0:
00:04]} Bg6 {[%emt 0:00:08]} 29. Rxc6 {[%emt 0:00:05]} Nd7 {[%emt 0:00:05]} 30.
Ra7 {[%emt 0:00:08]} Ke7 {[%emt 0:00:12]} 31. Bxf5 {[%emt 0:00:04]} Bxf5 {
[%emt 0:00:02]} 32. Nxf5+ {[%emt 0:00:00]} Ke8 {[%emt 0:00:03]} 33. Nxg7+ {
[%emt 0:00:02]} Kf8 {[%emt 0:00:01]} 34. Nf5 {[%emt 0:00:03] FlorianKull gibt
auf} 1-0

[Event "Benidorm Satellite preliminary"]
[Site "playchess.com #007036"]
[Date "2009.10.24"]
[Round "2"]
[White "Axel SEG"]
[Black "Kshorg"]
[Result "1-0"]
[WhiteElo "1725"]
[BlackElo "1688"]
[PlyCount "61"]
[EventDate "2009.10.24"]
[EventType "swiss (blitz)"]

1. e4 {[%emt 0:00:01]} g6 {[%emt 0:00:01]} 2. d4 {[%emt 0:00:01]} Bg7 {[%emt 0:
00:01]} 3. Nf3 {[%emt 0:00:01]} d6 {[%emt 0:00:04]} 4. Nc3 {[%emt 0:00:01]} a6
{[%emt 0:00:02]} 5. Be3 {[%emt 0:00:02]} b5 {[%emt 0:00:01]} 6. Qd2 {[%emt 0:
00:06]} Bb7 {[%emt 0:00:02]} 7. Bd3 {[%emt 0:00:02]} Nd7 {[%emt 0:00:03]} 8. a4
{[%emt 0:00:02]} b4 {[%emt 0:00:03]} 9. Ne2 {[%emt 0:00:01]} a5 {[%emt 0:00:01]
} 10. h4 {[%emt 0:00:07]} h6 {[%emt 0:00:03]} 11. g4 {[%emt 0:00:02]} c5 {
[%emt 0:00:02]} 12. Ng3 {[%emt 0:00:13]} Ba6 {[%emt 0:00:13]} 13. g5 {[%emt 0:
00:15]} h5 {[%emt 0:00:02]} 14. Bxa6 {[%emt 0:00:17]} Rxa6 {[%emt 0:00:03]} 15.
dxc5 {[%emt 0:00:03]} Nxc5 {[%emt 0:00:04]} 16. O-O-O {[%emt 0:00:11]} b3 {
[%emt 0:00:06]} 17. Bxc5 {[%emt 0:00:07]} Qb8 {[%emt 0:00:10]} 18. Bd4 {[%emt
0:00:05]} e5 {[%emt 0:00:08]} 19. Bc3 {[%emt 0:00:06]} Rc6 {[%emt 0:00:11]} 20.
Qd5 {[%emt 0:00:08]} Ne7 {[%emt 0:00:05]} 21. Qxa5 {[%emt 0:00:01]} O-O {[%emt
0:00:06]} 22. Nf1 {[%emt 0:00:09]} Rfc8 {[%emt 0:00:06]} 23. Ne3 {[%emt 0:00:
05]} Rxc3 {[%emt 0:00:18]} 24. bxc3 {[%emt 0:00:03]} Nc6 {[%emt 0:00:08]} 25.
Qb5 {[%emt 0:00:05]} Qxb5 {[%emt 0:00:05]} 26. axb5 {[%emt 0:00:01]} Na5 {
[%emt 0:00:00]} 27. Rxd6 {[%emt 0:00:15]} Bf8 {[%emt 0:00:12]} 28. Rd3 {[%emt
0:00:07]} Ba3+ {[%emt 0:00:08]} 29. Kb1 {[%emt 0:00:03]} b2 {[%emt 0:00:08]}
30. Nxe5 {[%emt 0:00:05]} Ra8 {[%emt 0:00:18]} 31. Rhd1 {[%emt 0:00:06] Kshorg
abandonne} 1-0

[Event "Benidorm Satellite preliminary"]
[Site "playchess.com #007036"]
[Date "2009.10.24"]
[Round "2"]
[White "Us6"]
[Black "Chessir"]
[Result "1-0"]
[WhiteElo "2550"]
[BlackElo "1998"]
[PlyCount "71"]
[EventDate "2009.10.24"]
[EventType "swiss (blitz)"]

1. d4 {[%emt 0:00:02]} d5 {[%emt 0:00:07]} 2. c4 {[%emt 0:00:01]} c6 {[%emt 0:
00:09]} 3. Nf3 {[%emt 0:00:02]} dxc4 {[%emt 0:00:00]} 4. e3 {[%emt 0:00:05]} b5
{[%emt 0:00:11]} 5. a4 {[%emt 0:00:05]} e6 {[%emt 0:00:04]} 6. axb5 {[%emt 0:
00:01]} cxb5 {[%emt 0:00:01]} 7. b3 {[%emt 0:00:00]} Bb4+ {[%emt 0:00:02]} 8.
Bd2 {[%emt 0:00:01]} Bxd2+ {[%emt 0:00:01]} 9. Nbxd2 {[%emt 0:00:01]} c3 {
[%emt 0:00:04]} 10. Bxb5+ {[%emt 0:00:02]} Bd7 {[%emt 0:00:02]} 11. Bxd7+ {
[%emt 0:00:01]} Nxd7 {[%emt 0:00:02]} 12. Nc4 {[%emt 0:00:03]} Ngf6 {[%emt 0:
00:15]} 13. Qc2 {[%emt 0:00:02]} O-O {[%emt 0:00:08]} 14. Qxc3 {[%emt 0:00:01]}
Nd5 {[%emt 0:00:05]} 15. Qd3 {[%emt 0:00:03]} N7b6 {[%emt 0:00:02]} 16. O-O {
[%emt 0:00:13]} f6 {[%emt 0:00:14]} 17. Rfc1 {[%emt 0:00:05]} Qd7 {[%emt 0:00:
06]} 18. e4 {[%emt 0:00:01]} Nf4 {[%emt 0:00:10]} 19. Qe3 {[%emt 0:00:02]} Ng6
{[%emt 0:00:21]} 20. h4 {[%emt 0:00:19]} h5 {[%emt 0:00:18]} 21. g3 {[%emt 0:
00:06]} e5 {[%emt 0:00:21]} 22. dxe5 {[%emt 0:00:05]} Nxc4 {[%emt 0:00:02]} 23.
Rxc4 {[%emt 0:00:02]} fxe5 {[%emt 0:00:05]} 24. Rac1 {[%emt 0:00:02]} Qg4 {
[%emt 0:00:03]} 25. Ng5 {[%emt 0:00:03]} Nxh4 {[%emt 0:00:09]} 26. R1c3 {[%emt
0:00:20]} Rad8 {[%emt 0:00:25]} 27. Kh2 {[%emt 0:00:09]} Ng6 {[%emt 0:00:08]}
28. f3 {[%emt 0:00:07]} Qd7 {[%emt 0:00:06]} 29. Rc7 {[%emt 0:00:02]} Qd2+ {
[%emt 0:00:02]} 30. Qxd2 {[%emt 0:00:01]} Rxd2+ {[%emt 0:00:00]} 31. Kh3 {
[%emt 0:00:01]} h4 {[%emt 0:00:03]} 32. Ne6 {[%emt 0:00:03]} Rf7 {[%emt 0:00:
05]} 33. Rc8+ {[%emt 0:00:01]} Kh7 {[%emt 0:00:02]} 34. Ng5+ {[%emt 0:00:01]}
Kh6 {[%emt 0:00:02]} 35. Nxf7+ {[%emt 0:00:01]} Kh5 {[%emt 0:00:01]} 36. g4# {
[%emt 0:00:01]} 1-0

[Event "Benidorm Satellite preliminary"]
[Site "playchess.com #007036"]
[Date "2009.10.24"]
[Round "2"]
[White "FaIlWoRd"]
[Black "Sonsil"]
[Result "1-0"]
[WhiteElo "2702"]
[BlackElo "2130"]
[PlyCount "111"]
[EventDate "2009.10.24"]
[EventType "swiss (blitz)"]

1. e4 {[%emt 0:00:02]} c5 {[%emt 0:00:02]} 2. c3 {[%emt 0:00:03]} Nf6 {[%emt 0:
00:02]} 3. e5 {[%emt 0:00:01]} Nd5 {[%emt 0:00:01]} 4. d4 {[%emt 0:00:00]} cxd4
{[%emt 0:00:01]} 5. Nf3 {[%emt 0:00:01]} Nc6 {[%emt 0:00:02]} 6. cxd4 {[%emt 0:
00:01]} d6 {[%emt 0:00:01]} 7. Bc4 {[%emt 0:00:01]} Nb6 {[%emt 0:00:05]} 8. Bb5
{[%emt 0:00:01]} dxe5 {[%emt 0:00:03]} 9. Nxe5 {[%emt 0:00:00]} Bd7 {[%emt 0:
00:01]} 10. Nxd7 {[%emt 0:00:02]} Qxd7 {[%emt 0:00:01]} 11. O-O {[%emt 0:00:01]
} e6 {[%emt 0:00:01]} 12. Nc3 {[%emt 0:00:02]} Be7 {[%emt 0:00:02]} 13. Qg4 {
[%emt 0:00:02]} O-O {[%emt 0:00:02]} 14. Bxc6 {[%emt 0:00:01]} bxc6 {[%emt 0:
00:02]} 15. Bh6 {[%emt 0:00:02]} Bf6 {[%emt 0:00:02]} 16. Rfd1 {[%emt 0:00:01]}
Kh8 {[%emt 0:00:07]} 17. Ne4 {[%emt 0:00:02]} Qe7 {[%emt 0:00:10]} 18. Bg5 {
[%emt 0:00:01]} Bxg5 {[%emt 0:00:04]} 19. Qxg5 {[%emt 0:00:00]} Qxg5 {[%emt 0:
00:03]} 20. Nxg5 {[%emt 0:00:00]} h6 {[%emt 0:00:02]} 21. Nf3 {[%emt 0:00:02]}
Rfd8 {[%emt 0:00:01]} 22. Ne5 {[%emt 0:00:02]} Kg8 {[%emt 0:00:32]} 23. Nxc6 {
[%emt 0:00:02]} Rd5 {[%emt 0:00:01]} 24. Ne7+ {[%emt 0:00:01]} Kf8 {[%emt 0:00:
02]} 25. Nxd5 {[%emt 0:00:00]} Nxd5 {[%emt 0:00:01]} 26. Rac1 {[%emt 0:00:02]}
Rb8 {[%emt 0:00:01]} 27. b3 {[%emt 0:00:03]} Ke7 {[%emt 0:00:03]} 28. Kf1 {
[%emt 0:00:04]} Kd7 {[%emt 0:00:01]} 29. g3 {[%emt 0:00:02]} a5 {[%emt 0:00:02]
} 30. Rc5 {[%emt 0:00:03]} Ra8 {[%emt 0:00:06]} 31. a3 {[%emt 0:00:18]} h5 {
[%emt 0:00:15]} 32. h4 {[%emt 0:00:02]} g6 {[%emt 0:00:01]} 33. Rdc1 {[%emt 0:
00:02]} Ra7 {[%emt 0:00:03]} 34. Rb5 {[%emt 0:00:04]} Nc7 {[%emt 0:00:04]} 35.
Rb8 {[%emt 0:00:03]} Nd5 {[%emt 0:00:09]} 36. Ke2 {[%emt 0:00:06]} Ke7 {[%emt
0:00:05]} 37. Kd3 {[%emt 0:00:03]} Kf6 {[%emt 0:00:01]} 38. Rc5 {[%emt 0:00:06]
} Nc7 {[%emt 0:00:08]} 39. Rc8 {[%emt 0:00:29]} Nd5 {[%emt 0:00:04]} 40. Rb5 {
[%emt 0:00:14]} Nc7 {[%emt 0:00:03]} 41. Rxc7 {[%emt 0:00:03]} Rxc7 {[%emt 0:
00:02]} 42. Rxa5 {[%emt 0:00:01]} Rc1 {[%emt 0:00:03]} 43. b4 {[%emt 0:00:02]}
Rf1 {[%emt 0:00:01]} 44. Ke2 {[%emt 0:00:03]} Rb1 {[%emt 0:00:01]} 45. Ra7 {
[%emt 0:00:06]} Rb3 {[%emt 0:00:07]} 46. Kd2 {[%emt 0:00:14]} Rf3 {[%emt 0:00:
03]} 47. b5 {[%emt 0:00:03]} Rxf2+ {[%emt 0:00:01]} 48. Kc3 {[%emt 0:00:03]}
Rf1 {[%emt 0:00:01]} 49. b6 {[%emt 0:00:02]} Rb1 {[%emt 0:00:01]} 50. b7 {
[%emt 0:00:01]} Kf5 {[%emt 0:00:01]} 51. a4 {[%emt 0:00:01]} Kg4 {[%emt 0:00:
03]} 52. a5 {[%emt 0:00:02]} Kxg3 {[%emt 0:00:01]} 53. a6 {[%emt 0:00:01]} f5 {
[%emt 0:00:00]} 54. Ra8 {[%emt 0:00:01]} f4 {[%emt 0:00:01]} 55. b8=Q {[%emt 0:
00:01]} Rxb8 {[%emt 0:00:03]} 56. Rxb8 {[%emt 0:00:00] Sonsil rinde} 1-0

[Event "Benidorm Satellite preliminary"]
[Site "playchess.com #007036"]
[Date "2009.10.24"]
[Round "2"]
[White "Rashid"]
[Black "Borya_ider"]
[Result "0-1"]
[WhiteElo "2136"]
[BlackElo "2707"]
[PlyCount "86"]
[EventDate "2009.10.24"]
[EventType "swiss (blitz)"]

1. e4 {[%emt 0:00:03]} e6 {[%emt 0:00:05]} 2. b3 {[%emt 0:00:05]} d5 {[%emt 0:
00:03]} 3. Bb2 {[%emt 0:00:01]} c5 {[%emt 0:00:02]} 4. exd5 {[%emt 0:00:04]}
exd5 {[%emt 0:00:01]} 5. Bb5+ {[%emt 0:00:00]} Bd7 {[%emt 0:00:03]} 6. Qe2+ {
[%emt 0:00:01]} Qe7 {[%emt 0:00:06]} 7. Nc3 {[%emt 0:00:05]} Nf6 {[%emt 0:00:
04]} 8. O-O-O {[%emt 0:00:11]} Qxe2 {[%emt 0:00:01]} 9. Ngxe2 {[%emt 0:00:05]}
a6 {[%emt 0:00:01]} 10. Bxd7+ {[%emt 0:00:01]} Nbxd7 {[%emt 0:00:02]} 11. d4 {
[%emt 0:00:01]} cxd4 {[%emt 0:00:08]} 12. Nxd4 {[%emt 0:00:12]} O-O-O {[%emt 0:
00:02]} 13. Nf5 {[%emt 0:00:13]} g6 {[%emt 0:00:05]} 14. Nxd5 {[%emt 0:00:16]}
Nxd5 {[%emt 0:00:01]} 15. Rxd5 {[%emt 0:00:06]} gxf5 {[%emt 0:00:03]} 16. Bxh8
{[%emt 0:00:09]} Bh6+ {[%emt 0:00:01]} 17. Kb1 {[%emt 0:00:03]} Rxh8 {[%emt 0:
00:01]} 18. Rxf5 {[%emt 0:00:02]} f6 {[%emt 0:00:03]} 19. Re1 {[%emt 0:00:04]}
Rg8 {[%emt 0:00:08]} 20. g3 {[%emt 0:00:04]} Bf8 {[%emt 0:00:10]} 21. Re8+ {
[%emt 0:00:16]} Kc7 {[%emt 0:00:04]} 22. Rh5 {[%emt 0:00:07]} Rg7 {[%emt 0:00:
03]} 23. Rd5 {[%emt 0:00:10]} Bb4 {[%emt 0:00:04]} 24. Kb2 {[%emt 0:00:10]} Bd6
{[%emt 0:00:13]} 25. f4 {[%emt 0:00:10] Rashid bietet Remis} Kc6 {[%emt 0:00:
07]} 26. c4 {[%emt 0:00:08]} Kc7 {[%emt 0:00:03]} 27. Rh8 {[%emt 0:00:13]} Re7
{[%emt 0:00:03]} 28. Rd2 {[%emt 0:00:17]} Bb4 {[%emt 0:00:01]} 29. Rf2 {[%emt
0:00:09]} Nc5 {[%emt 0:00:01]} 30. Kc2 {[%emt 0:00:10]} Re1 {[%emt 0:00:01]}
31. Rxh7+ {[%emt 0:00:03]} Kb6 {[%emt 0:00:01]} 32. Rf7 {[%emt 0:00:11]} Ka7 {
[%emt 0:00:04]} 33. h4 {[%emt 0:00:09]} Ba3 {[%emt 0:00:01]} 34. h5 {[%emt 0:
00:02]} Rc1+ {[%emt 0:00:01]} 35. Kd2 {[%emt 0:00:00]} Ne4+ {[%emt 0:00:02]}
36. Ke2 {[%emt 0:00:01]} Rc2+ {[%emt 0:00:01]} 37. Ke3 {[%emt 0:00:01]} Nxf2 {
[%emt 0:00:01]} 38. h6 {[%emt 0:00:01]} Bc5+ {[%emt 0:00:03]} 39. Kf3 {[%emt 0:
00:02]} Rc3+ {[%emt 0:00:01]} 40. Kg2 {[%emt 0:00:03]} Ne4 {[%emt 0:00:13] '}
41. h7 {[%emt 0:00:02]} Rxg3+ {[%emt 0:00:01]} 42. Kh2 {[%emt 0:00:02]} Bg1+ {
[%emt 0:00:02]} 43. Kh1 {[%emt 0:00:03]} Nf2# {[%emt 0:00:00]} 0-1

[Event "Benidorm Satellite preliminary"]
[Site "playchess.com #007036"]
[Date "2009.10.24"]
[Round "2"]
[White "Schachkanone2"]
[Black "Bartimäus"]
[Result "0-1"]
[WhiteElo "1437"]
[BlackElo "1763"]
[PlyCount "126"]
[EventDate "2009.10.24"]
[EventType "swiss (blitz)"]

1. e4 {[%emt 0:00:02]} e6 {[%emt 0:00:01]} 2. Nf3 {[%emt 0:00:02]} c5 {[%emt 0:
00:02]} 3. d4 {[%emt 0:00:01]} cxd4 {[%emt 0:00:01]} 4. Nxd4 {[%emt 0:00:01]}
Nc6 {[%emt 0:00:01]} 5. Bc4 {[%emt 0:00:03]} a6 {[%emt 0:00:02]} 6. O-O {[%emt
0:00:02]} b5 {[%emt 0:00:02]} 7. Bb3 {[%emt 0:00:02]} Bb7 {[%emt 0:00:01]} 8.
Nxc6 {[%emt 0:00:02]} Bxc6 {[%emt 0:00:02]} 9. c4 {[%emt 0:00:14]} Bc5 {[%emt
0:00:05]} 10. cxb5 {[%emt 0:00:06]} Bxb5 {[%emt 0:00:02]} 11. Nc3 {[%emt 0:00:
04]} Bxf1 {[%emt 0:00:02]} 12. Kxf1 {[%emt 0:00:04]} Ne7 {[%emt 0:00:13]} 13.
Bf4 {[%emt 0:00:03]} O-O {[%emt 0:00:04]} 14. Bd6 {[%emt 0:00:04]} Bxd6 {[%emt
0:00:04]} 15. Qxd6 {[%emt 0:00:02]} Nc6 {[%emt 0:00:02]} 16. Rd1 {[%emt 0:00:
05]} Na5 {[%emt 0:00:18]} 17. Qxd7 {[%emt 0:00:03]} Nxb3 {[%emt 0:00:05]} 18.
axb3 {[%emt 0:00:03]} Qb6 {[%emt 0:00:08]} 19. Qa4 {[%emt 0:00:05]} h6 {[%emt
0:00:05]} 20. e5 {[%emt 0:00:07]} Rfb8 {[%emt 0:00:05]} 21. Rd6 {[%emt 0:00:04]
} Qxb3 {[%emt 0:00:03]} 22. Qxb3 {[%emt 0:00:01]} Rxb3 {[%emt 0:00:02]} 23. Ne4
{[%emt 0:00:10]} Rxb2 {[%emt 0:00:02]} 24. Nc5 {[%emt 0:00:03]} a5 {[%emt 0:00:
05]} 25. Na4 {[%emt 0:00:10]} Rb4 {[%emt 0:00:07]} 26. Nb6 {[%emt 0:00:03]} Rb8
{[%emt 0:00:11]} 27. Nd7 {[%emt 0:00:04]} Rb1+ {[%emt 0:00:02]} 28. Ke2 {[%emt
0:00:02]} R8b2+ {[%emt 0:00:01]} 29. Kf3 {[%emt 0:00:02]} a4 {[%emt 0:00:03]}
30. Ra6 {[%emt 0:00:02]} Rb4 {[%emt 0:00:03]} 31. Nc5 {[%emt 0:00:02]} R1b3+ {
[%emt 0:00:15]} 32. Nxb3 {[%emt 0:00:13]} axb3 {[%emt 0:00:01]} 33. Ra1 {[%emt
0:00:01]} b2 {[%emt 0:00:01]} 34. Rb1 {[%emt 0:00:01]} Kf8 {[%emt 0:00:01]} 35.
Ke3 {[%emt 0:00:01]} Ke8 {[%emt 0:00:01]} 36. Kd3 {[%emt 0:00:01]} Kd7 {[%emt
0:00:01]} 37. Kc3 {[%emt 0:00:01]} Rb5 {[%emt 0:00:04]} 38. f4 {[%emt 0:00:02]}
Kc6 {[%emt 0:00:02]} 39. Rxb2 {[%emt 0:00:01]} Rxb2 {[%emt 0:00:02]} 40. Kxb2 {
[%emt 0:00:01]} Kd5 {[%emt 0:00:01]} 41. Kc3 {[%emt 0:00:02]} Ke4 {[%emt 0:00:
01]} 42. g3 {[%emt 0:00:03]} h5 {[%emt 0:00:01]} 43. Kd2 {[%emt 0:00:02]} Kf3 {
[%emt 0:00:01]} 44. Kd3 {[%emt 0:00:02]} g6 {[%emt 0:00:01]} 45. Kd4 {[%emt 0:
00:05]} Kg2 {[%emt 0:00:01]} 46. Ke4 {[%emt 0:00:04]} Kxh2 {[%emt 0:00:01]} 47.
Kf3 {[%emt 0:00:01]} Kh3 {[%emt 0:00:02]} 48. Kf2 {[%emt 0:00:04]} Kg4 {[%emt
0:00:01]} 49. Kg2 {[%emt 0:00:01]} h4 {[%emt 0:00:02]} 50. gxh4 {[%emt 0:00:01]
} Kxh4 {[%emt 0:00:01]} 51. Kf3 {[%emt 0:00:01]} Kh3 {[%emt 0:00:01]} 52. Ke4 {
[%emt 0:00:02]} Kg3 {[%emt 0:00:03]} 53. Ke3 {[%emt 0:00:02]} Kg4 {[%emt 0:00:
01]} 54. Ke4 {[%emt 0:00:01]} Kh3 {[%emt 0:00:05]} 55. Kf3 {[%emt 0:00:01]} Kh4
{[%emt 0:00:06]} 56. Ke4 {[%emt 0:00:01]} Kg3 {[%emt 0:00:03]} 57. Ke3 {[%emt
0:00:01]} Kg2 {[%emt 0:00:03]} 58. Ke4 {[%emt 0:00:02]} Kf2 {[%emt 0:00:01]}
59. Kd4 {[%emt 0:00:01]} Kf3 {[%emt 0:00:02]} 60. Kc5 {[%emt 0:00:01]} Kxf4 {
[%emt 0:00:01]} 61. Kd6 {[%emt 0:00:01]} g5 {[%emt 0:00:04]} 62. Ke7 {[%emt 0:
00:02]} Kxe5 {[%emt 0:00:02]} 63. Kxf7 {[%emt 0:00:01]} Kf5 {[%emt 0:00:02]
Schachkanone2 gibt auf} 0-1